Stolice Afryki - Quiz na mapie - Statystyki

Ogólne statystyki
  • Ten quiz został rozwiązany 176 razy
  • Średni wynik to 24 z 56
Odpowiedzi na mapie
Odpowiedzi zakodowano w zielono-czerwonej skali na mapie do tego quizu, zgodnie z poniższymi procentami.
 
Statystyki odpowiedzi
Odpowiedź % Poprawnych
Algier
88%
Kair
85%
Rabat
85%
Tunis
83%
Trypolis
76%
Dżibuti
68%
Addis Abeba
65%
Chartum
60%
Dakar
60%
Antananarywa
57%
Bissau
55%
Nairobi
54%
Mogadiszu
49%
Abudża
48%
Ndżamena
48%
Niamey
48%
Dżuba
46%
Asmara
45%
Lomé
45%
Praia
45%
São Tomé
45%
Akra
44%
Kinszasa
41%
Victoria
41%
Freetown
39%
Nawakszut
39%
Pretoria
39%
Wagadugu
39%
Bamako
38%
Bangi
37%
Brazzaville
37%
Port Louis
37%
Dodoma
35%
Kampala
35%
Kapsztad
35%
Windhuk
35%
Jamusukro
34%
Porto-Novo
34%
Jaunde
33%
Luanda
33%
Monrovia
32%
Bandżul
30%
Gaborone
30%
Harare
30%
Libreville
30%
Kigali
28%
Moroni
28%
Konakry
27%
Bloemfontein
24%
Lilongwe
24%
Lusaka
24%
Gitega
23%
Mbabane
23%
Maputo
22%
Maseru
21%
Malabo
20%
Nie znaleziono quizów pasujących do podanych kryteriów
Rozkład punktacji
Procent ludzi z każdym wynikiem
Percentyl według liczby udzielonych odpowiedzi
Twoja historia wyników
Nie rozwiązałeś tego quizu